| 000 | 00341 a2200133 4500 | ||
|---|---|---|---|
| 082 | _a346.5491082 | ||
| 090 |
_c1160 _d1160 |
||
| 100 | _aSiddiqi,Asrar H. | ||
| 245 | _aPractice and Law of Banking in Pakistan | ||
| 250 | _a6th edition | ||
| 260 |
_aKarachi _bRoyal book Company _c1998 |
||
| 300 | _a436p | ||
| 942 |
_aNBS _cBK _k346.5491082 SID |
||
| 999 |
_c343690 _d343690 |
||